00783nam a2200253 a 4500001001300000003000900013005001700022008004100039020000900080082001800089100002300107245008100130260002500211300000900236500003500245505002400280650002400304650001900328700002300347902000800370942000700378952012900385999001500514nice12345678IN_TiNIC20260116013047.0050524s1999 lona grp 000 0 eng  ac5000a230.046bTHU3 aThumma, Anthoniraj aSprings from the Subalsternsb Patterns and Perspectives in People`s Theolog aLondon bSPCK c1999 a114p aincludes index and biblioraphy2 aBibliography, Index aLiberation-Theology aTheology-India1 aThumma, Anthoniraj bSRS cBK 001040708StackRoom-aHMIbHMId2007-06-13g50.00l1o230.046 THU3p019568r2018-07-10s2018-07-02v50.00w2005-05-24yBK c9482d9482